| 000 | 01374cam a22002174a 4500 | ||
|---|---|---|---|
| 005 | 20250605164031.0 | ||
| 008 | 250528s ||||||||||||||||||||||||d | ||
| 035 | _a16651 | ||
| 020 | _a32131154 | ||
| 040 |
_aGR-AtMCL _bgre _dGR-AtMCL _eAACR2 |
||
| 245 | 1 | _aInternational Economics / Theory and Policy | |
| 250 | _a7th | ||
| 260 |
_bPearson International Edition, _c2006 |
||
| 300 | _a688 | ||
| 520 | _aIntroduction, International Trade Theory, World Trade: An Overview, The Standard Trade Model, International Factor Movements, International Trade Policy, The Instruments of Trade Policy, The Political Economy of Trade Policy, Trade Policy in Developing Countries, Controversies in Trade Policy, Exchange Rates and Open-Economy, Natioan lncome Accounting and the Balance of Payments, Money and Interest Rates and Exchange Rates, Price Levels and thje Exchange Rate in the Long Run, Output and the Exchange Rate in the Short Run, International Macroeconomic Policy, Macroeconomic Policy and Coordination Under Floating Exchange Rates, Optimum Currency Areas and the European Experience, The Global Capital Market: Performance and Policy Problems, Developing Countries: Growth and Crisis and Reform, Mathematical Postscripts, Credits, Index. | ||
| 700 | 1 |
_aKrugman Paul _92735 |
|
| 700 | 1 |
_aObstfeld Maurice _92736 |
|
| 942 | _cBK | ||
| 999 |
_c2127 _d2127 |
||